00687nac a22002051u 4500010001400000020001500014028001500029082001600044090001500060100003400075245004500109260003000154300002700184440004500211504005200256600001600308942001800324999001500342952012400357 a011619015 a0521691311 bwww.lib.uk a330.1bD722 c2178d2178 a20080729  athe evolutionary foundation of economics auk:bcambridge,2005c2005 a577 p. : ill. ; 24 cm. athe evolutionary foundation of economics aIncludes bibliographical references and indexes akurt dopfer cBBk330.1D722 c2178d2178 00104070aMAINbMAINc1STd2012-02-07ePurchasel3o330.1 EVOp000002213r2025-07-15 00:00:00s2009-05-11v282.10yBB